000 00979nam a2200253Ia 4500
003 OSt
005 20221005104826.0
006 a|||||r|||| 00| 0
007 ta
008 221004b |||||||| |||| 00| 0 hin d
020 _a8173120390 (hbk)
_c595
024 _a106013
037 _b12953, 18/03/2011, Kitab Ghar
_cTextual
040 _aCRL
_cCRL
_bhin
041 _2hin
_ahin
082 _aD65,8(B), 152P5
100 _aगोयल, सन्तोष
245 0 _aकम्प्यूटर
_b एक सरल अध्ययन
246 _aKampyūṭara: ek saral adhyayana: vianḍoja, ḍī. Ṭī. Pī. Mekara, foṭoshaॉpa, inṭaraneṭa, varlḍa vāiḍaveva
260 _aदिल्ली
_bश्री नटराज प्रकाशन भारत
_c2005
300 _a320पृ0
_ccm.
942 _hD65,8(B), 152P5
_cTEXL
_2cc
999 _c1013908
_d1013908